| 000 | 01135nam a2200325Ia 4500 | ||
|---|---|---|---|
| 001 | dia_3565 | ||
| 003 | CHAP | ||
| 005 | 20250127125816.0 | ||
| 008 | 220117s2000 xx 000 0 und d | ||
| 010 | _a174023 | ||
| 020 | _a84-200-0920-2 | ||
| 040 | _cCHAP | ||
| 082 | _a660.62 M53 2000 | ||
| 245 |
_aMicrobiologia industrial : los microorganismos de interés industrial / _c coordinación J.-Y. Leveau y M. Bouix ; traducción Francisco Javier Carballo García |
||
| 260 |
_aZaragoza, España : _b Acribia, _c2000 |
||
| 300 | _axii, 595 p. | ||
| 500 | _aTítulo original: Microbiologie industrielle : les micro-organismes d'interet industriel | ||
| 503 | _aI.233835 | ||
| 504 | _aIncluye bibliografías | ||
| 590 | _aQR53 M53 2000 | ||
| 650 |
_aIndustrial microbiology _9150611 |
||
| 650 |
_aMicrobiología industrial _975499 |
||
| 700 |
_aBouix, M., ed. _9154918 |
||
| 700 |
_aCarballo García, Francisco Javier _9154919 |
||
| 700 |
_aLeveau, J. Y., ed. _9154920 |
||
| 901 | _a660.62 M53 2000 | ||
| 902 | _aM | ||
| 905 | _a5232272000 sp aimn8222223322spa16 | ||
| 942 |
_cLIBRO _2ddc |
||
| 999 |
_c174023 _d174023 |
||